000
00385nam a2200145Ia 4500
008
100204s9999 xx 000 0 und d
082
_b
9451
100
_a
शिरोडकर रजनी
245
_a
कपट
260
_b
"प्रिया प्रकाशन, मुंबई"
_c
1987
300
_a
184
630
_a
कपट
730
_a
कपट
942
_c
BOOK
999
_c
453887
_d
453884